Every 1,000,000+ City in S. America - Statistics

General Stats
  • This quiz has been taken 28 times
  • The average score is 40 of 60
Answer Stats
Country Letter Population City % Correct
Paraguay A 3,879,251 Asunción
100%
Brazil B-H 4,157,815 Belo Horizonte
100%
Colombia B 11,801,074 Bogotá
100%
Argentina B-A 17,229,903 Buenos Aires
100%
Colombia C 3,118,096 Cali
100%
Venezuela C 5,306,775 Caracas
100%
Ecuador G 3,306,129 Guayaquil
100%
Peru L 14,521,902 Lima
100%
Colombia M 4,007,882 Medellín
100%
Uruguay M 1,711,389 Montevideo
100%
Ecuador Q 2,411,870 Quito
100%
Brazil R-D-J 14,089,813 Rio de Janeiro
100%
Brazil S 3,113,168 Salvador
100%
Chile S 7,408,351 Santiago
100%
Brazil S-P 23,105,148 São Paulo
100%
Bolivia L-P 2,276,643 La Paz
96%
Brazil M 2,471,643 Manaus
96%
Venezuela M 3,479,156 Maracaibo
96%
Brazil P-A 3,754,314 Porto Alegre
96%
Brazil B 3,005,145 Brasília
92%
Brazil F 3,505,708 Fortaleza
92%
Brazil R 3,301,778 Recife
92%
Brazil B 2,270,056 Belém
88%
Colombia B 2,147,556 Barranquilla
83%
Argentina C 2,315,259 Córdoba
83%
Peru A 1,311,683 Arequipa
79%
Brazil C 3,185,822 Curitiba
79%
Argentina R 1,871,200 Rosario
79%
Brazil N 1,314,048 Natal
75%
Bolivia S-C-D-L-S 1,828,525 Santa Cruz de la Sierra
75%
Venezuela V 2,540,165 Valencia
75%
Brazil G 2,214,648 Goiânia
67%
Chile V 1,362,873 Valparaíso
67%
Colombia C 1,206,792 Cartagena
63%
Brazil S-L 1,359,091 São Luís
63%
Argentina M 1,253,268 Mendoza
58%
Brazil C 2,402,451 Campinas
54%
Brazil S 1,296,414 Santos
54%
Peru T 1,091,582 Trujillo
54%
Bolivia C 1,512,059 Cochabamba
50%
Bolivia E-A 1,088,516 El Alto
50%
Brazil F 1,284,669 Florianópolis
50%
Brazil C-G 1,013,083 Campo Grande
42%
Brazil J-P 1,190,134 João Pessoa
42%
Argentina L-P 1,046,916 La Plata
42%
Venezuela M 1,591,316 Maracay
38%
Argentina S-M-D-T 1,417,012 San Miguel de Tucumán
38%
Brazil T 1,315,414 Teresina
38%
Brazil V 1,682,559 Vitória
38%
Venezuela B 2,128,755 Barquisimeto
29%
Brazil C 1,102,528 Cuiabá
29%
Brazil M 1,045,224 Maceió
29%
Venezuela B 1,136,090 Barcelona
25%
Colombia B 1,279,106 Bucaramanga
25%
Peru C 1,207,608 Callao
25%
Colombia C 1,022,483 Cúcuta
25%
Peru C 1,128,094 Chiclayo
21%
Brazil G 1,362,430 Guarulhos
17%
Venezuela G-C 1,055,310 Guayana City
17%
Argentina S-D-E 1,078,290 Santiago del Estero
8%
No matching quizzes found
Score Distribution
Percent of People with Each Score
Percentile by Number Answered
Your Score History
You have not taken this quiz